Biologie cellulaire (Record no. 41531)

MARC details
000 -LEADER
fixed length control field 00618 a2200241 4500
003 - CONTROL NUMBER IDENTIFIER
control field 0
005 - DATE AND TIME OF LATEST TRANSACTION
control field 20160609162604.0
008 - FIXED-LENGTH DATA ELEMENTS--GENERAL INFORMATION
fixed length control field 131205t xxu||||| |||| 00| 0 eng d
020 ## - NUMERO INTERNATIONAL NORMALISE DES LIVRES
International Standard Book Number 2 13 043875 X
040 ## - SOURCE DU CATALOGAGE
Original cataloging agency BUAC
Language of cataloging Fre.
Transcribing agency BUC
041 ## - CODE DE LANGUE
Language code of text/sound track or separate title Fre.
100 ## - VEDETTE PRINCIPALE - NOM DE PERSONNE
Personal name Gallien, Claude-Louis
9 (RLIN) 29443
100 ## - VEDETTE PRINCIPALE - NOM DE PERSONNE
Language of a work Fre
9 (RLIN) 29444
245 ## - TITLE STATEMENT
Title Biologie cellulaire
Statement of responsibility, etc /Claude-Louis Gallien
260 ## - PUBLICATION, DISTRIBUTION, ETC. (IMPRINT)
Place of publication, distribution, etc Paris
Name of publisher, distributor, etc PUF
Date of publication, distribution, etc 1976
300 ## - PHYSICAL DESCRIPTION
Extent 259 p.
300 ## - PHYSICAL DESCRIPTION
Other physical details 26 cm.
440 ## - SERIES STATEMENT/ADDED ENTRY--TITLE
Title (Biomed. Biologie
Volume number/sequential designation 1)
9 (RLIN) 29445
630 ## - SUBJECT ADDED ENTRY--UNIFORM TITLE
Uniform title SCIENCES NATURELLES
9 (RLIN) 29446
650 ## - SUBJECT ADDED ENTRY--TOPICAL TERM
Topical term or geographic name as entry element Cellule : biologie
9 (RLIN) 29447
942 ## - ADDED ENTRY ELEMENTS (KOHA)
Koha item type Livre
Holdings
Withdrawn status Lost status Damaged status Not for loan Location (home branch) Sublocation or collection (holding branch) Date acquired Source of acquisition Koha issues (times borrowed) Koha full call number Piece designation (barcode) Koha date last seen Copy number Price effective from Koha item type
        Bibliothèque Universitaire Centrale Bibliothèque Universitaire Centrale   Achat   576.3 GAL S5347Buc 05/12/2013 1 05/12/2013 Livre
        Bibliothèque Universitaire Centrale Bibliothèque Universitaire Centrale 05/12/2013 ENS   576.3 GAL 8049Buc 05/12/2013 2 05/12/2013 Livre


© 2008, Bibliothèques de l'Université d'Abomey-Calavi

04 BP 789 Cotonou, Tél. : +229 21 36 01 01, Fax : +229 21 35 06 32

Courriel : bu@bu.uac.bj